01270nam a2200217 a 4500001000200000003000900002005001700011008003200028040002200060082002900082100002500111245015000136260006800286300002000354490002200374500007300396505042800469650000600897651006800903651008100971 DO-SdBNP20210806095317.0110405s1978 dr 000 0 spa d aBPMSUbspacBPMSU a972.9302bR896f 19782221 aRubio, VicentecFray10aDatos para la historia de los orígenes de la ciudad de Santo Domingo :b(Proceso Corvera Roldán y Pasamonte-Roldán ) /cFray Vicente Rubio. aSanto Domingo :bEditora Fudación García- Arévalo,c1978. a94 p. ;c22 cm.0 aMonográfica,v7 aIncluye referencias bibliográficas y notas al pie de las páginas0 aNota legalizada de un inmueble vendido a Alonso Pérez Roldán en la Almoneda de Cristóbal de Santa Clara --Proceso Corvera-Roldán -- Interrogatorio en Santo Domingo del proceso Pasamonte - Roldán -- Carta de receptoría del alcalde mayor de Santo Domingo autorizando al procurador del bachiller Juan Roldán, un examen de testigos en los reinos de Castilla -- Interrogatorio de Sevilla --Interrogatorio de Moguer a  4aSanto Domingo (República Dominicana ) xHistoria ySiglo XVI 4aSanto Domingo (República Dominicana)xVida social y costumbres ySiglo XVI